| 000 | 00418 a2200157 4500 | ||
|---|---|---|---|
| 020 | _a0713651598 | ||
| 040 |
_aDLC _bDLC |
||
| 082 | _a700.2541 | ||
| 100 | _aACB | ||
| 245 |
_aWriters and Artists Yearbook 2001 _cACB |
||
| 260 |
_aLondon: A&C Black, 2001. _bA&C Black, _c2001. |
||
| 300 |
_a693 p. ; _c24 cm. |
||
| 500 | _aIncludes Index | ||
| 650 | _aArtists--Great Britain--Directories. | ||
| 942 |
_cBK _k700.2541 ACB _2ddc |
||
| 999 |
_c5064 _d5064 |
||